[Event "Mazowiec-chT 0910"]
[Site "Mazowsze"]
[Date "2010.03.14"]
[Round "8.11"]
[White "Parczewski, Janusz"]
[Black "Machul, Bartosz"]
[Result "1/2-1/2"]
[WhiteElo "2007"]
[BlackElo "1692"]
[PlyCount "68"]
[EventDate "2009.11.29"]
[EventType "team-tourn"]
[EventRounds "11"]
[EventCountry "POL"]
[SourceTitle "EXT 2011"]
[Source "ChessBase"]
[SourceDate "2010.11.26"]
[SourceVersion "1"]
[SourceVersionDate "2010.11.26"]
[SourceQuality "1"]

1. Nf3 Nf6 2. b3 g6 3. Bb2 Bg7 4. d3 d6 5. Nbd2 0-0 6. g3 b6 7. Bg2 Bb7 8. 0-0 e5 9. e4 Nc6 10. Nc4 Nh5 11. Ne3 Ne7 12. c4 f5 13. Ng5 Qd7 14. exf5 Bxg2 15. Nxg2 Qxf5 16. h4 Nf6 17. Ne3 Qd7 18. d4 exd4 19. Bxd4 h6 20. Nf3 Nf5 21. Bxf6 Bxf6 22. Qd5+ Kh7 23. Rad1 Nxe3 24. fxe3 Rae8 25. h5 Rxe3 26. hxg6+ Kxg6 27. Rd2 Qg4 28. Nh4+ Kh7 29. Nf5 Re5 30. Qd3 Qg6 31. Rdf2 Bg5 32. Kg2 Re3 33. Qd5 Re5 34. Qd3 Re3 1/2-1/2

[Event "Mazowiec-chT 0910"]
[Site "Mazowsze"]
[Date "2010.02.28"]
[Round "7.20"]
[White "Machul, Bartosz"]
[Black "Llaneza Vega, Victor"]
[Result "1/2-1/2"]
[WhiteElo "1692"]
[BlackElo "2045"]
[PlyCount "71"]
[EventDate "2009.11.29"]
[EventType "team-tourn"]
[EventRounds "11"]
[EventCountry "POL"]
[SourceTitle "EXT 2011"]
[Source "ChessBase"]
[SourceDate "2010.11.26"]
[SourceVersion "1"]
[SourceVersionDate "2010.11.26"]
[SourceQuality "1"]

1. e4 c5 2. Nc3 e6 3. f4 d5 4. d3 Nc6 5. Nf3 Nf6 6. e5 d4 7. exf6 dxc3 8. fxg7 Bxg7 9. b3 b6 10. g3 Bb7 11. Bg2 Qe7 12. 0-0 0-0-0 13. Re1 Nd4 14. Nxd4 Bxd4+ 15. Be3 Bxg2 16. Kxg2 h5 17. Qf3 Kb8 18. f5 e5 19. Bxd4 Rxd4 20. Re4 h4 21. Rae1 Rxe4 22. Qxe4 hxg3 23. hxg3 f6 24. Rh1 Rxh1 25. Kxh1 Qh7+ 26. Kg2 Qh6 27. Qe2 Qg5 28. g4 Kc7 29. a4 Kd6 30. Kh3 Qd2 31. Qg2 a5 32. Kg3 e4 33. Qxe4 Qxc2 34. Qe6+ Kc7 35. Qe7+ Kc8 36. Qe8+ 1/2-1/2

[Event "Mazowiec-chT 0910"]
[Site "Mazowsze"]
[Date "2010.01.17"]
[Round "4.1"]
[White "Sokolowski, Krzysztof"]
[Black "Machul, Bartosz"]
[Result "1-0"]
[WhiteElo "2047"]
[BlackElo "1692"]
[PlyCount "47"]
[EventDate "2009.11.29"]
[EventType "team-tourn"]
[EventRounds "11"]
[EventCountry "POL"]
[SourceTitle "EXT 2011"]
[Source "ChessBase"]
[SourceDate "2010.11.26"]
[SourceVersion "1"]
[SourceVersionDate "2010.11.26"]
[SourceQuality "1"]

1. d4 Nf6 2. Nf3 g6 3. c4 Bg7 4. Nc3 d5 5. Bf4 c6 6. e3 0-0 7. h3 Qa5 8. a3 Ne4 9. Qc2 Nxc3 10. b4 Qd8 11. Qxc3 Bf5 12. Be2 Nd7 13. 0-0 a5 14. cxd5 cxd5 15. Rfc1 axb4 16. Qxb4 b6 17. Rc6 Rc8 18. Rxc8 Qxc8 19. Qxe7 Qc3 20. Rf1 Ra8 21. Ng5 f6 22. Ne6 Bf8 23. Qxd7 Qa5 24. Bf3 1-0

[Event "Mazowiec-chT 0910"]
[Site "Mazowsze"]
[Date "2009.11.29"]
[Round "1.20"]
[White "Machul, Bartosz"]
[Black "Marczukiewicz, Jerzy"]
[Result "1/2-1/2"]
[WhiteElo "1692"]
[BlackElo "2005"]
[PlyCount "107"]
[EventDate "2009.11.29"]
[EventType "team-tourn"]
[EventRounds "11"]
[EventCountry "POL"]
[SourceTitle "EXT 2011"]
[Source "ChessBase"]
[SourceDate "2010.11.26"]
[SourceVersion "1"]
[SourceVersionDate "2010.11.26"]
[SourceQuality "1"]

1. e4 c5 2. Nc3 Nc6 3. f4 g6 4. Nf3 Bg7 5. Bc4 e6 6. 0-0 Nge7 7. a3 d5 8. exd5 exd5 9. Ba2 0-0 10. d3 a6 11. Rb1 b5 12. Ne2 c4 13. c3 cxd3 14. Ned4 Nxd4 15. cxd4 Bf5 16. Bd2 Nc6 17. Bc3 Be4 18. Ne5 Rc8 19. Qd2 f6 20. Ng4 Qb6 21. Qe3 Rfe8 22. Rbe1 a5 23. Nf2 Kh8 24. b4 axb4 25. axb4 f5 26. Nxd3 Nxd4 27. Nc5 Ne6 28. Nxe4 Qxe3+ 29. Rxe3 dxe4 30. Bxe6 Rxe6 31. Rc1 Rec6 32. Bxg7+ Kxg7 33. Rxc6 Rxc6 34. Rb3 Rc2 35. h3 h5 36. g4 hxg4 37. hxg4 fxg4 38. Rg3 Kf6 39. Rxg4 Rc4 40. Kf2 Kf5 41. Rg5+ Kxf4 42. Rxb5 Rc2+ 43. Kg1 Rb2 44. Rb8 g5 45. b5 Kg3 46. Kf1 Kf3 47. Rf8+ Ke3 48. Rb8 g4 49. b6 Rb1+ 50. Kg2 Ke2 51. b7 e3 52. Kh2 Rb3 53. Kg2 Ke1 54. Re8 1/2-1/2

[Event "Mazowiec-chT op"]
[Site "Mazowsze"]
[Date "2009.04.20"]
[Round "8"]
[White "Machul, Bartosz"]
[Black "Parol, Pawel"]
[Result "1/2-1/2"]
[WhiteElo "1692"]
[BlackElo "1806"]
[PlyCount "159"]
[EventDate "2009.01.11"]
[EventType "team-tourn"]
[EventRounds "10"]
[EventCountry "POL"]
[SourceTitle "EXT 2013"]
[Source "ChessBase"]
[SourceDate "2012.11.22"]
[SourceVersion "1"]
[SourceVersionDate "2012.11.22"]
[SourceQuality "1"]

1. e4 c6 2. d4 d5 3. Nc3 dxe4 4. Nxe4 Bf5 5. Ng3 Bg6 6. Nf3 Nd7 7. Bf4 Ngf6 8. Bd3 e6 9. h4 Be7 10. h5 Bxd3 11. Qxd3 h6 12. 0-0-0 Nd5 13. Bd2 a5 14. Rde1 0-0 15. Ne4 Nb4 16. Qe2 Nxa2+ 17. Kb1 Nb4 18. g4 a4 19. c3 Nd5 20. g5 hxg5 21. Nexg5 Qb6 22. Qd3 N7f6 23. Qc2 Qb3 24. h6 Qxc2+ 25. Kxc2 g6 26. h7+ Kg7 27. Ne4 Nh5 28. Nfg5 Ndf6 29. Ng3 Rh8 30. Reg1 Nxg3 31. Rxg3 Nxh7 32. Nf3 Nf6 33. Rhg1 Ne4 34. R3g2 Nxd2 35. Kxd2 Bd6 36. Ng5 Bf4+ 37. Ke2 Bxg5 38. Rxg5 a3 39. bxa3 Rxa3 40. Kd3 Rh2 41. R1g2 Rxg2 42. Rxg2 b5 43. Kc2 Ra7 44. Kb3 Kf6 45. c4 Ra4 46. cxb5 cxb5 47. Kc3 Rc4+ 48. Kd3 Rc1 49. f3 Rf1 50. Ke3 Rb1 51. Kd3 b4 52. Rf2 b3 53. Kc3 b2 54. Kc2 Rc1+ 55. Kxb2 Rd1 56. Kc3 Kf5 57. f4 Ke4 58. Re2+ Kf3 59. Rh2 Kxf4 60. Rf2+ Ke4 61. Rxf7 Rd3+ 62. Kc2 Rxd4 63. Rf6 e5 64. Rxg6 Kf3 65. Rf6+ Rf4 66. Re6 e4 67. Kd2 Kf2 68. Re8 Kf3 69. Re6 Rf5 70. Re8 Rd5+ 71. Ke1 Ke3 72. Rh8 Kd3 73. Ra8 e3 74. Ra3+ Ke4 75. Ra8 Rf5 76. Ra4+ Kf3 77. Ra8 Rb5 78. Rf8+ Kg2 79. Ke2 Rb2+ 80. Kxe3 1/2-1/2

[Event "Mazowiec-chT op"]
[Site "Mazowsze"]
[Date "2009.03.30"]
[Round "6"]
[White "Machul, Bartosz"]
[Black "Mietek, Lukasz"]
[Result "1-0"]
[WhiteElo "1692"]
[BlackElo "1959"]
[PlyCount "73"]
[EventDate "2009.01.11"]
[EventType "team-tourn"]
[EventRounds "10"]
[EventCountry "POL"]
[SourceTitle "EXT 2013"]
[Source "ChessBase"]
[SourceDate "2012.11.22"]
[SourceVersion "1"]
[SourceVersionDate "2012.11.22"]
[SourceQuality "1"]

1. e4 c6 2. d4 d5 3. exd5 cxd5 4. c4 Nf6 5. Nc3 e6 6. Nf3 Nc6 7. Bg5 Be7 8. Bd3 dxc4 9. Bxc4 0-0 10. 0-0 Bd7 11. Ne5 Rc8 12. Bb3 Nb4 13. a3 Nbd5 14. Nxd5 Nxd5 15. Bxd5 Bxg5 16. Bxb7 Rb8 17. Bc6 Bc8 18. b4 Ba6 19. Re1 Qd6 20. Qa4 Bb7 21. b5 Rfd8 22. Qxa7 Qxd4 23. Qxd4 Rxd4 24. Nf3 Bf6 25. Nxd4 Bxd4 26. Rad1 Bc3 27. Re3 Ba5 28. Bxb7 Rxb7 29. Rb3 Bb6 30. Kf1 Kf8 31. a4 Rc7 32. Ke2 Ke7 33. Rd2 Ra7 34. Ra2 Ra5 35. Rc3 Ra8 36. Rc6 Ba5 37. Ra6 1-0

[Event "Mazowiec-chT op"]
[Site "Mazowsze"]
[Date "2009.03.01"]
[Round "4"]
[White "Parczewski, Janusz"]
[Black "Machul, Bartosz"]
[Result "1-0"]
[WhiteElo "2023"]
[BlackElo "1692"]
[PlyCount "131"]
[EventDate "2009.01.11"]
[EventType "team-tourn"]
[EventRounds "10"]
[EventCountry "POL"]
[SourceTitle "EXT 2013"]
[Source "ChessBase"]
[SourceDate "2012.11.22"]
[SourceVersion "1"]
[SourceVersionDate "2012.11.22"]
[SourceQuality "1"]

1. d4 Nf6 2. c4 g6 3. Nc3 d5 4. cxd5 Nxd5 5. e4 Nxc3 6. bxc3 Bg7 7. Bc4 0-0 8. Ne2 c5 9. 0-0 Nc6 10. Be3 Na5 11. Bd3 c4 12. Bc2 b5 13. Rb1 a6 14. f4 f5 15. Ng3 e6 16. Re1 Bb7 17. Bc1 Re8 18. Nf1 Nc6 19. Nd2 Rb8 20. Nf3 Qa5 21. a4 Ne7 22. Ba3 fxe4 23. Bb4 Qc7 24. Ng5 Nf5 25. Bxe4 Qxf4 26. Bxb7 Rxb7 27. Nxe6 Qb8 28. axb5 Rxb5 29. Nxg7 Kxg7 30. Ra1 Ne3 31. Qd2 Rh5 32. g3 Ng4 33. Rxe8 Qxe8 34. Re1 Qc6 35. Qf4 Nf6 36. Re7+ Kh8 37. Qb8+ Ng8 38. Re8 Qd5 39. Bd6 Kg7 40. Qc7+ Qf7 41. Be5+ Rxe5 42. Qxe5+ Kh6 43. h4 a5 44. Qf4+ Qxf4 45. gxf4 Nf6 46. Rc8 Kh5 47. Rxc4 Kxh4 48. Ra4 Nd5 49. c4 Nb6 50. Rxa5 Nxc4 51. Rc5 Ne3 52. Kf2 Nf5 53. Rxf5 gxf5 54. d5 Kg4 55. d6 Kxf4 56. d7 h5 57. d8Q Kg4 58. Qg8+ Kf4 59. Qg3+ Ke4 60. Qh4+ Ke5 61. Kf3 Ke6 62. Kf4 Kf7 63. Qxh5+ Ke6 64. Qxf5+ Ke7 65. Qg6 Kf8 66. Qh7 1-0

[Event "Mazowiec-chT op"]
[Site "Mazowsze"]
[Date "2009.01.11"]
[Round "1"]
[White "Brudzinski, Maciej"]
[Black "Machul, Bartosz"]
[Result "1/2-1/2"]
[WhiteElo "1939"]
[BlackElo "1692"]
[PlyCount "114"]
[EventDate "2009.01.11"]
[EventType "team-tourn"]
[EventRounds "10"]
[EventCountry "POL"]
[SourceTitle "EXT 2013"]
[Source "ChessBase"]
[SourceDate "2012.11.22"]
[SourceVersion "1"]
[SourceVersionDate "2012.11.22"]
[SourceQuality "1"]

1. e4 e6 2. d3 d5 3. Nd2 Nf6 4. e5 Nfd7 5. Ngf3 c5 6. b3 Nc6 7. Bb2 Be7 8. Qe2 Nb4 9. Kd1 Qc7 10. g3 a5 11. a4 b6 12. c3 Nc6 13. d4 cxd4 14. cxd4 Nb4 15. Rc1 Qa7 16. Qe3 Ba6 17. Ne1 0-0 18. Nd3 Bxd3 19. Bxd3 Rac8 20. Ke2 Na2 21. Ra1 Nb4 22. Rhc1 Rc7 23. Rxc7 Qxc7 24. Rc1 Qb7 25. Nb1 Na2 26. Rc2 Nb4 27. Rc1 Na2 28. Rd1 Rc8 29. f4 Nf8 30. h4 Nb4 31. Nc3 Nxd3 32. Qxd3 Bb4 33. Nb5 Rc6 34. Rc1 Ng6 35. Bc3 Ne7 36. Kd2 Bxc3+ 37. Rxc3 Nc8 38. Qc2 Rxc3 39. Qxc3 Kf8 40. b4 axb4 41. Qxb4+ Ke8 42. Qd6 Qd7 43. Qb8 Ke7 44. Qa8 h5 45. Kc3 g6 46. Kb4 Kd8 47. Nd6 Qc7 48. Kb5 Qd7+ 49. Kb4 Qc7 50. Kb3 Kd7 51. Qxc8+ Qxc8 52. Nxc8 Kxc8 53. Kb4 Kc7 54. a5 Kb7 55. Ka4 bxa5 56. Kb5 a4 57. Kxa4 Ka6 1/2-1/2

[Event "Zlota Wieze 50"]
[Site "Pultusk"]
[Date "2008.07.05"]
[Round "9.3"]
[White "Machul, Bartosz"]
[Black "Krasuski, Pawel"]
[Result "1-0"]
[WhiteElo "1679"]
[BlackElo "1796"]
[PlyCount "49"]
[EventDate "2008.06.30"]
[EventType "team"]
[EventRounds "9"]
[EventCountry "POL"]
[SourceTitle "EXT 2020"]
[Source "ChessBase"]
[SourceDate "2019.10.17"]
[SourceVersion "1"]
[SourceVersionDate "2019.10.17"]
[SourceQuality "1"]

1. e4 c5 2. Nf3 e6 3. d4 cxd4 4. Nxd4 a6 5. Nc3 Qc7 6. a3 Nc6 7. Be2 d6 8. 0-0 Bd7 9. Kh1 Be7 10. Nxc6 Bxc6 11. Qd3 Nf6 12. f4 d5 13. exd5 Nxd5 14. f5 Nxc3 15. Qxc3 Bf6 16. Qb3 e5 17. Be3 0-0 18. Bb6 Qe7 19. Rad1 Rad8 20. c3 Qe8 21. Qb4 Be7 22. Qg4 Kh8 23. Rd3 Rg8 24. Rh3 Bf8 25. Rxh7+ 1-0

[Event "Zlota Wieza op 49th"]
[Site "Gniezno"]
[Date "2007.05.24"]
[Round "7"]
[White "Pazdziora, Marcin"]
[Black "Machul, Bartosz"]
[Result "1/2-1/2"]
[WhiteElo "1800"]
[BlackElo "1800"]
[PlyCount "50"]
[EventDate "2007.05.20"]
[EventType "swiss"]
[EventRounds "9"]
[EventCountry "POL"]
[SourceTitle "EXT 2011"]
[Source "ChessBase"]
[SourceDate "2010.11.26"]
[SourceVersion "1"]
[SourceVersionDate "2010.11.26"]
[SourceQuality "1"]

1. e4 e6 2. d4 d5 3. exd5 exd5 4. Bd3 Bd6 5. Nf3 Nf6 6. Bg5 Qe7+ 7. Be3 Ng4 8. Qe2 Nxe3 9. Qxe3 Qxe3+ 10. fxe3 Nc6 11. Nc3 Ne7 12. e4 c6 13. exd5 Nxd5 14. Nxd5 cxd5 15. 0-0 0-0 16. c3 f6 17. Rfe1 Bd7 18. Bc2 Rfe8 19. Bb3 Bc6 20. g3 Kf8 21. Nd2 Re7 22. Rxe7 Kxe7 23. Re1+ Kd7 24. Nf1 Bf8 25. Ne3 Kd6 1/2-1/2

[Event "Zlota Wieza op 49th"]
[Site "Gniezno"]
[Date "2007.05.22"]
[Round "4"]
[White "Krasuski, Pawel"]
[Black "Machul, Bartosz"]
[Result "1/2-1/2"]
[WhiteElo "1800"]
[BlackElo "1800"]
[PlyCount "26"]
[EventDate "2007.05.20"]
[EventType "swiss"]
[EventRounds "9"]
[EventCountry "POL"]
[SourceTitle "EXT 2011"]
[Source "ChessBase"]
[SourceDate "2010.11.26"]
[SourceVersion "1"]
[SourceVersionDate "2010.11.26"]
[SourceQuality "1"]

1. e4 e6 2. d4 d5 3. e5 c5 4. c3 Nc6 5. Nf3 Qb6 6. a3 cxd4 7. cxd4 Nh6 8. b4 Nf5 9. Bb2 Bd7 10. g4 Nfe7 11. Nc3 f5 12. exf6 gxf6 13. Bg2 Ng6 1/2-1/2